La cuestión petrolera

Folleto

-д хадгалсан:
Номзүйн дэлгэрэнгүй
Үндсэн зохиолч: Manríquez y Zarate, José de Jesús (autor)
Формат: Ном
Нөхцлүүд:
Шошгууд: Шошго нэмэх
Шошго байхгүй, Энэхүү баримтыг шошголох эхний хүн болох!

MARC

LEADER 00000nam^a2200000^a^4500
001 000257473
005 20250526000000.0
009 20260310110252.129
035 |a L02027 
037 |a Acervo Xavier Clavigero 
082 |a 262. 12  |b MAN 
100 |a Manríquez y Zarate, José de Jesús  |e (autor) 
245 1 3 |a La cuestión petrolera 
264 |a Los Angeles, EUA :  |b Vincent Printing,  |c 1938 
300 |a 35p. 
336 |a texto  |b txt  |2 rdacontenido 
337 |a sin mediación  |b n  |2 rdamedio 
338 |a volumen  |b nc  |2 rdasoporte 
520 |a Folleto 
520 |a En la biblioteca del ILFC, Guadalajara, Jal. 
649 |a XX 
650 |a * Obispos -  |x Documentos, cartas y edictos pastorales 
650 |a * Petróleo -  |x México -  |x Expropiación 
910 |a Fondo Jesús Gómez Fregoso S.J. FXC 
920 |a Impresos - Libros 
930 |a Libros Antiguos y Raros 
940 |a Guerra Cristera 
905 |a 110 
901 |a L02027  |b IT2  |c LRA  |i L02027  |u 20250526 
902 |a https://opac.biblio.iteso.mx/vufind/Record/000257473